00645 2200217 4500001002100000005001500021035002000036245008400056100002000140250001000160300003900170260003600209082001000245084001600255020001900271600003400290600003200324600003100356504002000387990002000407INLIS00000000000460520231019085020 a0010-10230000651 aAlam Semesta Untuk Pencinta Lingkingan Lahir Dengan Dentuman /cJennifer MOrgan0 aJennifer Morgan aCet 1 a47 hlm, :bilus ;c20,5 x 29,4 cm. aBandung; :bPakar Raya;,c2009. a523.1 a523.1 JEN a a978979534676-0 aPengalih Bahasa,Imam Setiadji aPenyunting Materi,Rudiyanto aPewajah Ulang,Deni Sarjoko aTentang Penulis a11617/P/BL/2016